| 000 | 00632nam a2200205Ia 4500 | ||
|---|---|---|---|
| 005 | 20250508164622.0 | ||
| 008 | 008 250505s9999 xx 000 0 eng d | ||
| 037 | _aTextual | ||
| 040 |
_aFEDL _beng _cFEDL |
||
| 041 |
_aeng _2eng |
||
| 084 |
_a371.9, MYL _qFEDL |
||
| 100 | _aMyles Brenda Smith | ||
| 245 | 0 | _aChildren and youth with asperger syndrome: Strategies for success in inclusive settings | |
| 260 |
_aNew Delhi, India _bSage Publications India Pvt Ltd _c2008 |
||
| 300 | _axxix,170p. | ||
| 365 |
_aINR _b295 |
||
| 650 | _aSpecial Education | ||
| 942 |
_cTEXL _h371.9, MYL |
||
| 999 |
_c1390167 _d1390167 |
||